000
00324pam a2200133 a 4500
020
_c
041
_h
082
_a
628.162
100
_a
Speelaman.
245
_a
Handbook of water and west water treatment plant operations
_h
Textual Documents
260
_a
London :
_b
RC Press ,
_c
2014.
300
_a
873 pg.
930
_a
9314
999
_c
86219
_d
86219